Matrix computations /

Guardado en:
Detalles Bibliográficos
Autor principal: Golub, Gene H. 1932.
Formato: Libro
Lenguaje:English
Publicado: Baltimore : Johns Hopkins University Press, 1996.
Edición:3rd ed.
Materias:
Etiquetas: Agregar Etiqueta
Sin Etiquetas, Sea el primero en etiquetar este registro!
Thư viện lưu trữ: Mạng thư viện Đại học Đà Nẵng
LEADER 00864cam a2200337 i 4500
001 000046025
003 5292
005 20030327081943.0
008 010220|1996 vm 000 eng
020 |a 0801854148 
040 |a IRC  |c IRC  |d IRC 
041 0 |a eng 
082 1 4 |a 512.9434  |b GO-G 
100 1 |a Golub, Gene H.  |q (Gene Howard),  |d 1932. 
245 0 0 |a Matrix computations /  |c Gene H. (Gene Howard) Golub. 
250 |a 3rd ed. 
260 |a Baltimore :  |b Johns Hopkins University Press,  |c 1996. 
300 |a xxvii, 694p. 
630 0 4 |a Mathematics. 
630 0 4 |a Matrix. 
650 0 4 |a Matrices  |x Data processing. 
OWN |a DUT 
999 |a From the UDN01 
TYP |a Monograph 
TYP |a Printed language 
980 |a Mạng thư viện Đại học Đà Nẵng